[Slávnosť 150. výročia narodenia Ľudovíta Štúra v Uhrovci]

Zobrazenie: Slávnosť 150. výročia narodenia Ľudovíta Štúra v Uhrovci, 31.10.1965.

Bibliographic Details
Corporate Author: Československá tlačová kancelária (Slovensko) (Author)
Format: Photo
Language:Slovak
PhysicalDescription:1 fotografia čb 13 x 18 cm
Published: [S.l. s.n.] 1965
Subjects:

MARC

LEADER 00000nkmaa2200000 a 4500
001 vtls011547540
003 SK-MaSNL
005 20260301180152.0
007 kh bo
008 230802e1965 xo | |||0 k|slo
035 |a urn:nbn:sk:snk-km00cpob 
035 |a urn:nbn:sk:snk-km3lr17 
035 |a 498E5642-9B72-4C3E-958C-320741BC2119 
040 |a SNKLA  |b slo  |c SNKLA  |e AACR2 
041 0 |a slo 
044 |a xo  |c SK 
110 2 |a Československá tlačová kancelária (Slovensko)  |4 aut  |9 55799 
245 1 0 |a [Slávnosť 150. výročia narodenia Ľudovíta Štúra v Uhrovci]  |h grafika 
260 |a [S.l.  |b s.n.]  |c 1965 
300 |a 1 fotografia  |b čb  |c 13 x 18 cm 
520 2 |a Zobrazenie: Slávnosť 150. výročia narodenia Ľudovíta Štúra v Uhrovci, 31.10.1965. 
600 1 7 |a Štúr, Ľudovít,  |d 1815-1856  |2 SNKMA  |9 92872 
611 0 7 |a slávnosť 150. výročia narodenia Ľudovíta Štúra  |d 1965  |c Uhrovec, Slovensko  |9 341616 
651 7 |a Uhrovec (Slovensko)  |2 SNKPH  |9 29315 
655 7 |a fotografie  |2 SNKPH  |9 70713 
852 7 |a Slovenská národná knižnica  |b Literárny archív 
958 |a ZO 
958 |a BLA 
999 |c 845321  |d 847251 
952 |a SNKLA  |b SNKLA  |c SNKLA_DEP  |y NEVYP  |7 0  |p 17A1008134  |o snkK 19/406  |i snkLA 1890/1965  |0 0  |1 0  |4 0  |d 2016-04-25  |f 1  |l 0  |r 2026-02-24 04:24:40  |w 2026-02-24